| 000 | 00566nam a22001937a 4500 | ||
|---|---|---|---|
| 003 | OSt | ||
| 005 | 20130523183730.0 | ||
| 008 | 130523s1998 sp ||||| |||| 00| 0 cat d | ||
| 020 | _a8489754276 | ||
| 040 | _cCDMR | ||
| 100 | 1 |
_93497 _aPons, Damià |
|
| 245 | 1 |
_aEl diari "La Almudaina" en l'època de Miquel S. Oliver _cDamià Pons |
|
| 260 |
_aBinissalem (Illes Balears) _bDi7 _c1998 |
||
| 300 | _a163 p. | ||
| 490 | 0 |
_aCol·lecció Zitzània _v10 |
|
| 600 | 1 |
_9189 _aOliver, Miquel dels Sants |
|
| 650 | 0 | 4 |
_93498 _aPremsa _xHistòria _zIlles Balears |
| 942 |
_2udc _cMON |
||
| 999 |
_c6302 _d6302 |
||